00917nam a2200229 a 4500001001000000003000500010005001700015008004100032010001100073011001100084040000900095100002700104245018100131260003700312500006000349502009000409650002400499650003000523650004100553650002300594856007000617000114071CHAP20220329144425.0171025s2017 mx sm |||||||spa d a110532 a111504 cCHAP1 aRivera Carranza, Yulia10aEvaluación de una fitasa y una proteasa exógenas sobre el peso de la canal y sus fracciones comerciales en codornices de engordah[En línea]cpor Yuliana Rivera Carranza. aCocula, Gro. :bEl autor,c2017. aPara ver el contenido del material haga clic en la liga aTesis (Ing. Agr.Zootecnista ) -- Colegio Superior Agropecuario del Estado de Guerrero14aAlimentosxEnzimas.14aCodornizxAlimentación.14aCodornizxAnatomía y fisiología.14aCodornizxEngorda. aFinding aiduhttp://10.13.5.2/tesis/sist114071.pdfzTeclea aquí